ในหลวงอานันท์ (ระเบียนเลขที่ 7368)
| 000 -LEADER | |
|---|---|
| fixed length control field | 00742nam a22002057a 4500 |
| 005 - DATE AND TIME OF LATEST TRANSACTION | |
| control field | 20210325175652.0 |
| 008 - FIXED-LENGTH DATA ELEMENTS--GENERAL INFORMATION | |
| fixed length control field | s2522 th tha d |
| 041 ## - LANGUAGE CODE | |
| Language code of text/sound track or separate title | tha |
| 050 ## - LIBRARY OF CONGRESS CALL NUMBER | |
| Classification number | DS570.5 อ6 |
| 100 0# - MAIN ENTRY--PERSONAL NAME | |
| Personal name | ประยุทธ สิทธิพันธ์ |
| 245 10 - TITLE STATEMENT | |
| Title | ในหลวงอานันท์ |
| 260 3# - PUBLICATION, DISTRIBUTION, ETC. | |
| Name of publisher, distributor, etc. | สยาม, |
| Date of publication, distribution, etc. | 2522 |
| 300 ## - PHYSICAL DESCRIPTION | |
| Extent | 396 หน้า : |
| Other physical details | ภาพประกอบ |
| 650 04 - SUBJECT ADDED ENTRY--TOPICAL TERM | |
| Topical term or geographic name entry element | อานันทมหิดล, พระบาทสมเด็จพระเจ้าอยู่หัว, 2468--2489 -- |
| 700 0# - ADDED ENTRY--PERSONAL NAME | |
| Personal name | ประยุทธ สิทธิพันธ์ |
| 850 ## - HOLDING INSTITUTION | |
| Holding institution | NALT |
| 942 ## - ADDED ENTRY ELEMENTS (KOHA) | |
| Koha item type | General Book |
| 997 ## - | |
| -- | 000000000007368 |
| 998 ## - LOCAL CONTROL INFORMATION (RLIN) | |
| -- | Narumon Suwan |
| Withdrawn status | Lost status | Damaged status | Not for loan | Collection code | Home library | Current library | Total Checkouts | Full call number | Barcode | Date last seen | Price effective from | Koha item type |
|---|---|---|---|---|---|---|---|---|---|---|---|---|
| General Book collection | National Assembly Library of Thailand | National Assembly Library of Thailand | DS 570.5 อ6 | 3961112689 | 09/06/2017 | 09/06/2017 | General Book |
